000 00747nam a22002177a 4500
003 UA-OsUOA
001 44320
007 ta
008 20101012b un ||||| |||| 00| 0 ukr d
090 _a94(477).081
_bА44
942 _cBK
040 _aUA-OsUOA
_bukr
_cUA-OsUOA
_dUA-OsUOA
245 _aАкція руйнування православних церков на Холмщині і південному Підляшші в 1938 році - обставини, перебіг, наслідки
_cза ред. Г. Купріяновича
300 _a383 с.
955 _a1
041 _aukr
080 _a94(477).081
260 _aХолм
_c2009
650 7 _a9 Географія. Біографії. Історія
_2UDC
999 _c424368
_d424368